000 00248nam a22001217a 4500
008 180315b xxu||||| |||| 00| 0 eng d
041 _aeng
080 _a51
100 _a37
101 _aMAT
245 _aAlgebra 1
_cHolliday,B
942 _2udc
_cBK
999 _c45093
_d45093